<?xml version="1.0" encoding="UTF-8"?>
<record
    xmlns:xsi="http://www.w3.org/2001/XMLSchema-instance"
    xsi:schemaLocation="http://www.loc.gov/MARC21/slim http://www.loc.gov/standards/marcxml/schema/MARC21slim.xsd"
    xmlns="http://www.loc.gov/MARC21/slim">

  <leader>00487nam a2200157Ia 4500</leader>
  <controlfield tag="008">231217s9999    xx            000 0 und d</controlfield>
  <datafield tag="041" ind1=" " ind2=" ">
    <subfield code="a">English</subfield>
  </datafield>
  <datafield tag="082" ind1=" " ind2=" ">
    <subfield code="a">621.38481  QUA;1  R</subfield>
  </datafield>
  <datafield tag="100" ind1=" " ind2=" ">
    <subfield code="a">Quatieri, Thomas F.</subfield>
  </datafield>
  <datafield tag="245" ind1=" " ind2="0">
    <subfield code="a">Discrete-time speech signal processing : principles and practice</subfield>
  </datafield>
  <datafield tag="260" ind1=" " ind2=" ">
    <subfield code="c">2002</subfield>
    <subfield code="b">Pearson Education (Singapore)</subfield>
    <subfield code="a">Delhi</subfield>
  </datafield>
  <datafield tag="300" ind1=" " ind2=" ">
    <subfield code="a">xix+781</subfield>
  </datafield>
  <datafield tag="400" ind1=" " ind2=" ">
    <subfield code="a">Prentice Hall signal processing series</subfield>
  </datafield>
  <datafield tag="650" ind1=" " ind2=" ">
    <subfield code="a">Discrete-time,processing,:</subfield>
  </datafield>
  <datafield tag="942" ind1=" " ind2=" ">
    <subfield code="c">AA</subfield>
  </datafield>
  <datafield tag="999" ind1=" " ind2=" ">
    <subfield code="c">174398</subfield>
    <subfield code="d">174398</subfield>
  </datafield>
  <datafield tag="952" ind1=" " ind2=" ">
    <subfield code="r">2024-04-02 00:00:00</subfield>
    <subfield code="l">1</subfield>
    <subfield code="o">621.38481  QUA;1  R</subfield>
    <subfield code="p">33739</subfield>
    <subfield code="q">2016-03-31</subfield>
    <subfield code="s">2024-04-02</subfield>
    <subfield code="v">319.20</subfield>
    <subfield code="w">2024-01-26</subfield>
    <subfield code="y">AA</subfield>
    <subfield code="1">0</subfield>
    <subfield code="4">0</subfield>
    <subfield code="7">0</subfield>
    <subfield code="8">CL</subfield>
    <subfield code="0">0</subfield>
    <subfield code="a">ML</subfield>
    <subfield code="b">ML</subfield>
    <subfield code="c">CL</subfield>
    <subfield code="d">2005-03-28</subfield>
    <subfield code="e">Sai Books</subfield>
    <subfield code="g">399.00</subfield>
    <subfield code="E">IS</subfield>
    <subfield code="K">223</subfield>
    <subfield code="L">29/02/2008</subfield>
    <subfield code="G">RS</subfield>
    <subfield code="F">1</subfield>
    <subfield code="V">79.8</subfield>
    <subfield code="W">20</subfield>
  </datafield>
  <datafield tag="952" ind1=" " ind2=" ">
    <subfield code="r">2025-09-06 00:00:00</subfield>
    <subfield code="l">2</subfield>
    <subfield code="o">621.38481  QUA;2  R1</subfield>
    <subfield code="p">33740</subfield>
    <subfield code="q">2025-09-20</subfield>
    <subfield code="s">2025-09-06</subfield>
    <subfield code="v">319.20</subfield>
    <subfield code="w">2024-01-26</subfield>
    <subfield code="y">AA</subfield>
    <subfield code="1">0</subfield>
    <subfield code="4">0</subfield>
    <subfield code="7">0</subfield>
    <subfield code="8">CL</subfield>
    <subfield code="0">0</subfield>
    <subfield code="a">ML</subfield>
    <subfield code="b">LRC</subfield>
    <subfield code="c">CL</subfield>
    <subfield code="d">2005-03-28</subfield>
    <subfield code="e">Sai Books</subfield>
    <subfield code="g">399.00</subfield>
    <subfield code="E">IS</subfield>
    <subfield code="K">223</subfield>
    <subfield code="L">29/02/2008</subfield>
    <subfield code="G">RS</subfield>
    <subfield code="F">1</subfield>
    <subfield code="V">79.8</subfield>
    <subfield code="W">20</subfield>
  </datafield>
</record>
